<?xml version="1.0" encoding="UTF-8"?>
<marc:record xmlns:marc="http://www.loc.gov/MARC21/slim">
   <marc:leader>00000nam a2200000 a 4500</marc:leader>
   <marc:datafield ind1="1" ind2=" " tag="100">
      <marc:subfield code="a">Larsen, Christian</marc:subfield>
      <marc:subfield code="4">aut</marc:subfield>
      <marc:subfield code="e">Verfasser/-in</marc:subfield>
   </marc:datafield>
   <marc:datafield ind1="1" ind2=" " tag="100">
      <marc:subfield code="a">Miescher, Bea</marc:subfield>
      <marc:subfield code="4">aut</marc:subfield>
      <marc:subfield code="e">Verfasser/-in</marc:subfield>
   </marc:datafield>
   <marc:datafield ind1="1" ind2=" " tag="100">
      <marc:subfield code="a">Dommitzsch, Dagmar</marc:subfield>
      <marc:subfield code="4">aut</marc:subfield>
      <marc:subfield code="e">Verfasser/-in</marc:subfield>
   </marc:datafield>
   <marc:datafield ind1=" " ind2=" " tag="653">
      <marc:subfield code="a">Kind</marc:subfield>
   </marc:datafield>
   <marc:datafield ind1=" " ind2=" " tag="653">
      <marc:subfield code="a">Rückenschule</marc:subfield>
   </marc:datafield>
   <marc:datafield ind1=" " ind2=" " tag="653">
      <marc:subfield code="a">Spiraldynamik</marc:subfield>
   </marc:datafield>
   <marc:datafield ind1=" " ind2=" " tag="653">
      <marc:subfield code="a">Heilverfahren</marc:subfield>
   </marc:datafield>
   <marc:datafield ind1=" " ind2=" " tag="653">
      <marc:subfield code="a">Übungssammlung</marc:subfield>
   </marc:datafield>
   <marc:datafield ind1="0" ind2="0" tag="245">
      <marc:subfield code="a">Starker Rücken, starkes Kind</marc:subfield>
   </marc:datafield>
   <marc:datafield ind1="0" ind2="0" tag="245">
      <marc:subfield code="b">32 spielerische Übungen auch für kleine Bewegungsmuffel</marc:subfield>
   </marc:datafield>
   <marc:datafield ind1="0" ind2="0" tag="245">
      <marc:subfield code="c">Christian Larsen ; Bea Miescher ; Dagmar Dommitzsch</marc:subfield>
   </marc:datafield>
   <marc:datafield ind1=" " ind2="1" tag="264">
      <marc:subfield code="a">Stuttgart</marc:subfield>
      <marc:subfield code="b">TRIAS</marc:subfield>
      <marc:subfield code="c">2010</marc:subfield>
   </marc:datafield>
   <marc:datafield ind1="1" ind2=" " tag="520">
      <marc:subfield code="a">Angaben aus der Verlagsmeldung

Starker Rücken - starkes Kind : 32 spielerische Übungen auch für kleine Bewegungsmuffel / von Christian Larsen, Bea Miescher, Dagmar Dommitzsch

Nach dem großen Erfolg von „Gesunde Füße für Ihr Kind“ widmet sich das Erfolgsprogramm Spiraldynamik® nun gezielt dem Kinderrücken. Eltern finden hier wertvolle Infos zu vorhandenen Wirbelsäulenproblemen und Hinweise, ­worauf sie bei der Haltung ihrer Kinder achten müssen. Das gebündelte Wissen des Autorenteams ist in den 32 spielerischen, kindgerechten Übungen umgesetzt. Das besondere an diesem bewährten Trainingsprogramm: Es gibt kein „ich will nicht“, denn die Übungen sind nicht als solche zu erkennen, sondern ­lassen sich spielerisch – z.B. beim Hausaufgabenmachen, Radfahren etc. – ausführen.
Dr. med. Christian Larsen ist Leiter des medizinisch-therapeutischen ­Instituts für Spiraldynamik in Zürich.
Bea Miescher und Dagmar Dommitzsch sind Physiotherapeutinnen und leiten Kurse am Spiraldynamik-Institut in Zürich.
</marc:subfield>
   </marc:datafield>
   <marc:datafield ind1=" " ind2=" " tag="020">
      <marc:subfield code="a">9783830434450</marc:subfield>
      <marc:subfield code="9">9783830434450</marc:subfield>
   </marc:datafield>
   <marc:datafield ind1=" " ind2=" " tag="300">
      <marc:subfield code="a">106 S.</marc:subfield>
   </marc:datafield>
</marc:record>
